[Event "German Bundesliga 2021-22"]
[Site "Germany"]
[Date "2022.03.05"]
[Round "1.1"]
[White "Adams, Michael"]
[Black "McShane, Luke J"]
[Result "1/2-1/2"]
[WhiteElo "2698"]
[BlackElo "2647"]
[Annotator "TA"]
[PlyCount "77"]
[EventDate "2022.03.05"]
[EventType "team-tourn"]
[EventCountry "GER"]
[SourceTitle "playchess.com"]
[Source "ChessBase"]
[SourceQuality "1"]

{[%evp 9,77,11,32,9,13,18,18,28,33,27,21,14,31,34,41,7,20,-37,-36,-30,-65,-132,0,0,0,0,37,0,0,0,0,0,0,0,0,0,0,0,0,0,26,0,0,0,0,0,58,44,85,39,42,22,308,65,281,53,55,0,0,0,0,0,0,0,0,0,0,0,0,0]} 1. e4 e5 2. Nf3 Nc6 3. Bc4 Bc5 4. d3 Nf6 5. a4 a6 6. a5 {[#] C50: Hungarian Defence and Giuoco Pianissimo.} Bb4+ $146 ({Predecessor:} 6... h6 7. c3 O-O 8. O-O Re8 9. Nbd2 Ba7 10. h3 d6 11. Qb3 Qe7 12. Re1 Rb8 {1-0 (48) Van Foreest,J (2671)-Mamedyarov,S (2770) chess24.com INT 2020}) 7. Bd2 Bxd2+ 8. Nbxd2 O-O 9. O-O d6 10. Re1 Kh8 11. c3 Nh5 12. g3 (12. Nxe5 $2 Nxe5 13. g3 (13. Qxh5 $2 Bg4 $19) 13... Qg5 $19) (12. d4 $5 {[%cal Rd4d5]}) 12... f5 13. Nxe5 Nxe5 $15 14. Qxh5 f4 $1 15. f3 {Inhibits Bg4.} (15. Qe2 $15) 15... Rf6 (15... fxg3 $1 $17 16. hxg3 Rxf3 $1 17. Nxf3 Bg4) 16. Qh4 $11 fxg3 17. hxg3 Qe8 18. d4 Nxc4 19. Nxc4 Rxf3 20. e5 {Inhibits Rf6.} d5 21. Nd2 $40 {[%mdl 128] Black needs to defend precisely.} Rf5 22. Rf1 h6 23. Rxf5 Bxf5 24. Rf1 Qg6 25. Rf2 b6 26. axb6 cxb6 27. Nf1 Be6 (27... b5 $11) 28. Ne3 $14 Qd3 (28... Kg8 $14 {is more appropriate.}) 29. Qf4 (29. Ng2 $16) 29... Ra7 {[%cal Ba8a7,Ba7f7,Bf7f4][%mdl 32] Strongly threatening ...Rf7.} 30. Ng2 {And now Qf8+ would win.} Kg8 {[%mdl 8192]} (30... Rf7 $1 $11 {and Black has nothing to worry.} 31. Qe3 Qd1+ 32. Qe1 Qxe1+ 33. Nxe1 Rxf2 34. Kxf2 a5) 31. Qf8+ $1 $18 (31. Ne1 Qb1 32. Qd2 Rf7 $11) 31... Kh7 {[#]} 32. Kh2 $2 (32. Qe8 $1 $18 {[%cal Re8e6]} Bg8 33. Kh2) 32... Qd1 {[%cal Oa7f7]} 33. Qe8 {Inhibits Rf7. Active counter play!} ({Of course not} 33. Nf4 Rf7 34. Qe8 (34. Nxe6 Rxf8 35. Nxf8+ Kg8 $17) 34... Qg4 $11) ({Better is} 33. Qf3 $14 Qxf3 34. Rxf3) 33... Rf7 $1 $11 {The position is equal.} 34. Nf4 {Chess con chili.} Qg4 {[%cal Of7f4] White must now prevent ...Rxf4!} 35. Kg2 ({Don't go for} 35. Kh1 $2 {[#]} Rxf4 $1 36. Qxe6 (36. gxf4 $2 {is the wrong capture.} Bf5 $19) 36... Qxe6 $19) 35... Rxf4 $1 36. Rxf4 Qe2+ 37. Rf2 Bh3+ 38. Kxh3 {Threatening mate with Rf8.} Qxf2 39. e6 {Weighted Error Value: White=0.20 (precise) /Black=0.24 (precise)} 1/2-1/2

[Event "German Bundesliga 2021-22"]
[Site "Germany"]
[Date "2022.03.05"]
[Round "1.1"]
[White "Piorun, Kacper"]
[Black "Santos Latasa, Jaime"]
[Result "0-1"]
[WhiteElo "2641"]
[BlackElo "2640"]
[Annotator "TA"]
[PlyCount "70"]
[EventDate "2022.03.05"]
[EventType "team-tourn"]
[EventCountry "GER"]
[SourceTitle "playchess.com"]
[Source "ChessBase"]
[SourceQuality "1"]

{[%evp 15,70,14,13,15,16,0,0,4,0,0,0,-26,-19,-31,0,-10,0,0,0,0,11,-25,-18,-85,-87,-167,-166,-152,-154,-161,-167,-203,-107,-229,-212,-228,-225,-237,-237,-229,-77,-78,-78,-148,-137,-306,-291,-706,-695,-694,-666,-1032,-755,-901,-880,-870,-857]} 1. d4 d5 2. Nf3 Nf6 3. c4 e6 4. g3 Be7 5. Bg2 O-O 6. O-O dxc4 7. Qc2 a6 8. a4 Bd7 9. Bg5 {E05: Open Catalan: 5 Nf3 Be7.} (9. Qxc4 Bc6 10. Bg5 Nbd7 11. Rd1 a5 12. Qc1 h6 13. Bxf6 Nxf6 14. Nbd2 Bb4 15. Nc4 Bxf3 16. Bxf3 c6 17. h4 Qe7 18. Rd3 Rfd8 19. Qd1 h5 20. Rc1 g6 {½-½ (30) Piorun,K (2634)-Santos Latasa,J (2633) Terme Catez 2021}) 9... Bc6 10. Rd1 b5 11. Bxf6 {The position is equal.} Bxf6 (11... gxf6 12. d5 Bxd5 13. Nc3 $16) 12. Nc3 Qe8 13. e4 g6 14. h4 {[#]} Bb7 $5 $146 {[%mdl 8] An interesting novelty.} ({Predecessor:} 14... Nd7 15. d5 exd5 16. exd5 Bb7 17. axb5 axb5 18. Rxa8 Qxa8 19. Nxb5 Qa5 20. Nc3 Nb6 {½-½ (30) Oparin,G (2654)-Deac,B (2639) Krasnaya Polyana 2021}) 15. h5 Bg7 (15... gxh5 16. e5 Bd8 17. Ng5 $1 Bxg5 18. Bxb7 $16) 16. hxg6 hxg6 {[%cal Oc7c5]} 17. e5 $1 c5 18. dxc5 Nd7 19. Ne4 ({Of course not} 19. axb5 axb5 20. Rxa8 (20. Nxb5 Bxf3 21. Bxf3 Rxa1 $17) 20... Qxa8 21. Rxd7 Bxf3 22. Bxf3 Qxf3 $17) (19. Ng5 $11 {keeps the balance.} Bxg2 20. f4) 19... Qe7 $17 ({But not} 19... Nxe5 20. Nd6 $1 Bxf3 21. Nxe8 Bxd1 22. Qxd1 $16 (22. Rxd1 Raxe8 23. axb5 axb5 $14)) 20. Rxd7 Qxd7 $19 21. Nf6+ Bxf6 22. exf6 Bxf3 23. Bxf3 {Hoping for axb5.} Rac8 (23... Rad8 $19 {White must now prevent ...Qd4.} 24. Qc3 Qd4 25. axb5 axb5) 24. Rd1 {To avoid Qd4} (24. c6 $17 Qd4 25. Qc3) 24... Qc7 $1 25. axb5 axb5 26. c6 {[#]} Rfd8 $1 27. Re1 Qd6 $2 (27... Rd3 $19 28. Be4 Qe5) 28. Qc3 $17 Qd3 {[%cal Ob5b4]} 29. Be4 {[#]} ({White should play} 29. Kg2) 29... Qd2 $1 {Strongly threatening ...b4.} 30. Ra1 $2 (30. Re3 $17) 30... Rd4 $19 {aiming for ...Qxc3.} 31. Qf3 (31. Bg2) 31... Qxb2 {Black is clearly winning.} 32. Rb1 Qd2 33. Kg2 Qg5 34. Rb4 Qe5 35. Bc2 Qd5 {Weighted Error Value: White=0.52/Black=0.23 (precise)} 0-1

[Event "German Bundesliga 2021-22"]
[Site "Germany"]
[Date "2022.03.05"]
[Round "1.1"]
[White "Koch, Thomas"]
[Black "Lupulescu, Constantin"]
[Result "0-1"]
[WhiteElo "2458"]
[BlackElo "2620"]
[Annotator "TA"]
[PlyCount "74"]
[EventDate "2022.03.05"]
[EventType "team-tourn"]
[EventCountry "GER"]
[SourceTitle "playchess.com"]
[Source "ChessBase"]
[SourceQuality "1"]

{[%evp 12,74,26,22,24,12,19,21,9,12,26,-23,-11,-14,-2,-18,-22,-36,-32,-199,-213,-209,-204,-208,-177,-357,-351,-343,-234,-344,-297,-297,-299,-378,-383,-384,-383,-467,-410,-493,-486,-550,-533,-555,-545,-513,-445,-884,-872,-850,-495,-501,-501,-808,-542,-541,-535,-1149,-1139,-1085,-1072,-874,-1017,-717,-670]} 1. d4 Nf6 2. c4 e6 3. Nf3 d5 4. Nc3 Nbd7 5. cxd5 exd5 6. Bg5 c6 7. e3 h6 {D35: Queen's Gambit Declined: Exchange Variation.} 8. Bh4 g5 9. Bg3 Nh5 {The position is equal.} 10. Bd3 Nxg3 11. fxg3 (11. hxg3 {is more appropriate.} Bg7 12. O-O) 11... Bg7 12. O-O Nb6 {[#]} 13. Nd2 $146 ({Predecessor:} 13. a4 a5 14. Nd2 Qe7 15. Kh1 O-O 16. Qc2 Qxe3 17. Nf3 Qe7 18. Rae1 Be6 19. h4 gxh4 20. Nxh4 {1-0 (36) Baryshpolets,A (2578)-Rambaldi,F (2559) Saint Louis 2017}) 13... Qe7 14. Qf3 O-O (14... Bg4 $2 15. Qxg4 Qxe3+ 16. Kh1 Qxd3 17. Rae1+ Kf8 {[#]} 18. Qe6 $1 $18) 15. g4 $2 {[#] This costs White the game.} ({White should try} 15. Rae1 $1 $15) 15... Bxg4 $1 $19 {[%mdl 512]} 16. Qg3 {[#]} (16. Qf2 f5) 16... Rae8 $1 17. Rae1 Bc8 18. Bf5 $2 (18. Re2) 18... Bxf5 19. Rxf5 Nc8 {[%cal Og7d4]} 20. h4 (20. Nb3 {keeps fighting.}) 20... Nd6 (20... gxh4 $2 21. Qg4 $19) 21. Rff1 f5 ({Don't go for} 21... gxh4 $2 22. Qf3 $19) 22. hxg5 hxg5 {[%cal Of5f4,Bh6g5,Bg5g4][%mdl 32]} 23. Nf3 g4 24. Nh4 Rf6 {To avoid Ng6} ({Weaker is} 24... Bh6 25. e4 $19) 25. Nd1 Qf7 {Black is clearly winning.} ({Not} 25... Ne4 $2 26. Qf4 Qf7 27. Nxf5 $19) 26. Nf2 Qh5 {White must now prevent ...Rh6.} 27. Qh2 Rh6 28. g3 Bf6 {And now ...Bg5 would win.} 29. Kg2 (29. Nd3 $142) 29... Bxh4 30. Rh1 Nc4 31. Nd1 f4 32. Qxh4 (32. exf4 $142 Rxe1 33. Rxe1) 32... Qxh4 33. gxh4 Rhe6 {[%cal Rc4e3]} 34. h5 Nxe3+ 35. Nxe3 Rxe3 36. Rxe3 Rxe3 37. Rh4 f3+ {Weighted Error Value: White=0.74/Black=0.35} 0-1

[Event "German Bundesliga 2021-22"]
[Site "Germany"]
[Date "2022.03.05"]
[Round "1.1"]
[White "Braeuer, Franz"]
[Black "Amin, Bassem"]
[Result "1/2-1/2"]
[WhiteElo "2428"]
[BlackElo "2682"]
[Annotator "TA"]
[PlyCount "59"]
[EventDate "2022.03.05"]
[EventType "team-tourn"]
[EventCountry "GER"]
[SourceTitle "playchess.com"]
[Source "ChessBase"]
[SourceQuality "1"]

{[%evp 14,59,9,4,12,17,22,27,67,70,134,114,188,92,89,15,25,0,0,0,0,0,0,0,0,0,0,0,91,104,190,178,181,174,224,202,289,268,267,140,142,102,92,0,116,0,94,0]} 1. e4 e5 2. Nf3 Nc6 3. Bb5 {[%cal Bf1b5,Bb5a4,Ba4b3,Bb3c4][%mdl 32]} a6 4. Ba4 Nf6 5. Nc3 Be7 6. O-O b5 7. Bb3 d6 8. a4 $1 {[%mdl 4] is currently scoring better than 8.Nd5.} Bg4 {C84: Closed Ruy Lopez: Unusual White 6th moves.} 9. axb5 Nd4 10. Bc4 Bxf3 {White has an edge.} 11. gxf3 {[#]} O-O $146 (11... axb5 $14 12. Rxa8 Qxa8 13. Nxb5 (13. Bxb5+ c6 $11) 13... Qc6 14. Nxd4 Qxc4) ({Predecessor:} 11... Qc8 12. Kg2 Nh5 13. d3 g5 14. f4 g4 15. f5 Rg8 16. Nd5 Bd8 17. bxa6 c6 {0-1 (32) Tarrasch,S-Spielmann,R San Sebastian 1912}) 12. Nd5 $1 $16 Nh5 (12... Nxd5 $16 13. Bxd5 Rb8) 13. f4 (13. bxa6 c6 14. Nxe7+ Qxe7) (13. c3 $18 {has better winning chances.} Ne6 14. bxa6 (14. Rxa6 Bg5 $16)) 13... Nxf4 14. bxa6 (14. Nxf4 $6 exf4 15. Rxa6 (15. bxa6 d5 $15) 15... f3 $11) (14. c3 $1 $16 {[%cal Rc3d4]} Nxb5 15. Nxf4 exf4 16. d4) 14... Bg5 $11 15. Nxf4 Bxf4 16. h3 c6 17. c3 $36 {[%mdl 2048] White is more active.} Ne6 18. Re1 d5 19. exd5 cxd5 20. Bf1 e4 {[#]} (20... f5 $11 {remains equal.} 21. d4 Bxc1 22. Rxe5 (22. Qxc1 e4 $17) 22... Qg5+ 23. Kh1 Bxb2 24. Rxe6 Bxa1 25. Qxa1 Qh4) 21. d3 $1 $16 f5 (21... Bxc1 $16 22. Qxc1 f5) 22. Bxf4 $18 Nxf4 {[#]} 23. Re3 $1 Qg5+ (23... Ng6 $142 24. dxe4 fxe4) 24. Rg3 Qh6 (24... Qh4 $142 25. dxe4 dxe4) 25. dxe4 dxe4 26. Qd4 ({Better is} 26. a7 $18) 26... Nh5 $16 27. Rg2 {aiming for a7. White is more active.} (27. Bc4+ $6 Kh8 28. Re3 (28. Rg2 Nf4 $11) 28... Nf6 $11) 27... Nf4 {[%csl LRg2,LRh3]} 28. Rg3 Nh5 $1 29. Rg2 {Strongly threatening a7.} ({Reject} 29. Bc4+ $6 Kh8 30. Re3 (30. Rg2 Nf4 $11) 30... Nf6 $14) 29... Nf4 {[%csl LRg2,LRh3]} 30. Rg3 {Weighted Error Value: White=0.23 (precise) /Black=0.24 (precise)} (30. Rh2 $16) 1/2-1/2

[Event "German Bundesliga 2021-22"]
[Site "Germany"]
[Date "2022.03.05"]
[Round "1.2"]
[White "Salgado Lopez, Ivan"]
[Black "Piceu, Tom"]
[Result "1/2-1/2"]
[WhiteElo "2611"]
[BlackElo "2336"]
[Annotator "TA"]
[PlyCount "119"]
[EventDate "2022.03.05"]
[EventType "team-tourn"]
[EventCountry "GER"]
[SourceTitle "playchess.com"]
[Source "ChessBase"]
[SourceQuality "1"]

{[%evp 9,119,16,24,6,22,28,29,21,30,32,34,32,43,38,39,47,60,24,21,28,37,28,12,30,28,16,37,30,35,34,45,47,36,32,22,31,33,31,26,28,22,22,27,25,45,44,38,31,62,54,81,0,0,-67,-65,-60,-75,-81,-84,-84,0,0,0,0,0,0,0,0,0,0,0,0,0,0,0,0,0,0,0,0,0,0,0,0,0,0,0,0,0,0,0,0,205,212,380,380,387,0,0,0,0,0,0,0,0,0,0,0,0,0,0,0]} 1. e4 c5 2. Nf3 d6 3. Bb5+ Nd7 4. a4 a6 5. Be2 Ngf6 6. Nc3 {B51: Sicilian: Moscow Variation (3 Bb5+) without 3...Bd7.} g6 7. a5 Bg7 8. O-O {White has an edge.} O-O 9. d3 Nb8 10. e5 Ng4 11. exd6 {[#]} exd6 $146 ({Predecessor:} 11... Qxd6 12. h3 Nf6 13. Nd2 Qc7 14. Nc4 Nc6 15. Na4 Nd4 16. Ncb6 Rb8 17. c3 Ne6 18. Nxc8 Rbxc8 {1-0 (30) Prraneeth,V (2275)-Souhardo,B (2382) Budapest 2021}) 12. Bg5 Nf6 13. d4 cxd4 14. Nxd4 {[%cal Oc3d5]} Nc6 {[#]} 15. Nd5 $1 Nxd4 16. Qxd4 Nxd5 17. Qxd5 Be6 18. Qd2 Qc7 19. c3 Rfe8 20. Be3 Bb3 21. Bb6 Qd7 22. Bf3 Re7 23. Rfe1 Rae8 24. Rxe7 Rxe7 25. h3 h5 26. Qf4 Re5 27. Bd4 Rf5 28. Qe3 Bxd4 29. Qxd4 Re5 {[#]} 30. Kh2 (30. c4 $1 $16) 30... Qc7 $1 $11 31. Qb6 ({White should play} 31. Ra3 $11 Be6 32. b4) 31... Qxb6 $15 32. axb6 Bd5 33. Bxd5 Rxd5 $17 {[%mdl 4096] Endgame KR-KR} 34. c4 Rc5 ({Better is} 34... Rd2 $17 35. b4 Rb2) 35. Rxa6 $1 $11 Rxc4 (35... bxa6 $2 36. b7 Rxc4 37. b8=Q+ $18) 36. Ra7 Rb4 {[%csl LRb2,LRb6]} 37. Rxb7 Rxb2 38. Kg3 Kg7 39. Kf3 Kf6 40. h4 Rb4 41. g3 d5 42. Ke3 Ke6 43. Kd3 Rb2 44. Kc3 Rb5 45. Kd4 Kf6 46. Rb8 Ke6 47. f3 Kf5 48. Rb7 Ke6 49. Rb8 Kf5 50. b7 Kf6 $2 (50... f6 $11 51. f4 Kg4) 51. g4 $18 hxg4 (51... Kg7 52. g5 Kh7) 52. fxg4 Kg7 {[#]} 53. g5 (53. Ke5 $1 $18) 53... Rb1 {The position is equal.} 54. Kc5 d4 55. Kc6 {Rd8 would kill now.} (55. Kxd4 Rb2 $14) 55... Rc1+ 56. Kd5 {Intending Rd8 and mate.} Rb1 57. Kc4 (57. Kxd4 Rb2) 57... d3 58. Kxd3 Rb6 59. Kc4 Rb1 60. Kc5 {Weighted Error Value: White=0.14 (very precise) /Black=0.16 (very precise)} 1/2-1/2

[Event "German Bundesliga 2021-22"]
[Site "Germany"]
[Date "2022.03.05"]
[Round "1.2"]
[White "Fedorchuk, Sergey A."]
[Black "Schmittdiel, Eckhard"]
[Result "1-0"]
[WhiteElo "2605"]
[BlackElo "2402"]
[Annotator "TA"]
[PlyCount "125"]
[EventDate "2022.03.05"]
[EventType "team-tourn"]
[EventCountry "GER"]
[SourceTitle "playchess.com"]
[Source "ChessBase"]
[SourceQuality "1"]

{[%evp 9,125,44,72,35,65,68,65,67,71,64,71,69,67,69,65,65,75,69,68,68,99,99,99,99,106,106,104,111,110,100,111,111,125,124,123,111,115,109,109,107,109,109,131,124,118,119,118,111,116,105,130,127,131,129,158,157,153,150,158,158,164,165,164,156,149,144,149,149,149,144,144,143,148,148,157,184,183,143,145,130,498,498,498,498,498,498,498,487,468,459,453,421,455,441,487,472,1339,1250,1175,984,12830,12830,12829,12829,12829,12828,12825,6632,12834,12833,12836,12836,12837,12836,12846,12846,12846,12845]} 1. e4 e6 2. d4 d5 3. Nd2 f5 4. exf5 exf5 5. Ndf3 Bd6 6. Bg5 {C03: French Tarrasch: Unusual Black 3rd moves.} Nf6 {[#]} 7. Qe2+ $146 ({Predecessor:} 7. Ne5 O-O 8. Qd3 Qe8 9. f4 Ne4 10. Bh4 Nd7 11. O-O-O Ndf6 12. Be2 Qa4 13. Qb3 Qxb3 14. axb3 {0-1 (69) Lardot,D (2067)-Paavola,M Finland 2005}) 7... Qe7 8. Bxf6 {White is slightly better.} gxf6 9. O-O-O Qxe2 10. Nxe2 Nc6 11. g3 Ne7 {[%cal Of5f4]} 12. Ne1 Ng6 13. Ng2 {To avoid f4} c6 14. h4 h5 15. Nef4 Nxf4 16. Nxf4 Kf7 17. Be2 Bxf4+ 18. gxf4 Bd7 19. Rhg1 Rae8 20. Bf3 Re7 21. Kd2 Be8 22. Rde1 {[%cal Og1g7] Threatens to win with Rg7+!} Rxe1 23. Rxe1 $16 {[%mdl 4096] Endgame KRB-KRB} Kf8 24. Re6 Rh6 25. Be2 {White is more active.} b6 26. Bf3 Bd7 27. Re3 Rh7 28. a4 Be8 29. a5 bxa5 30. Ra3 Rb7 {[#]} 31. b3 ({But not} 31. Rxa5 $6 Rxb2 32. Rxa7 Rb4 $14) 31... Ke7 32. Rxa5 Kd6 33. Ra6 Bf7 34. Be2 Be8 35. Bd3 Bd7 36. Ra1 Be6 37. Rg1 Rh7 38. Rg6 Ke7 39. Kc3 a5 40. Kb2 Kf7 41. Rg1 Rh8 42. Be2 Ke7 43. Kc3 Bf7 44. Bd3 Rg8 $2 {[%mdl 8192] [#] Black cannot hold the game after this.} (44... Be6 $16 45. Kd2 Rg8 46. Rxg8 Bxg8 47. Bxf5 Bf7) 45. Rxg8 $1 $18 {White is clearly winning.} Bxg8 46. Bxf5 {KB-KB} Be6 47. Bg6 Bg4 48. b4 axb4+ 49. Kxb4 Kd6 50. Kc3 c5 51. Kd3 c4+ 52. Ke3 {Hoping for c3.} Ke6 (52... c3 $142 53. f3 Bd7) 53. c3 Bd1 54. f3 f5 55. Bxh5 Ba4 56. Kd2 Kf6 57. Kc1 Kg7 58. Kb2 Bd1 59. Ka3 Kh6 60. Be8 Bxf3 61. Kb4 Bh5 62. Bxh5 Kxh5 63. Kc5 {Weighted Error Value: White=0.04 (flawless) /Black=0.23 (precise)} 1-0

[Event "German Bundesliga 2021-22"]
[Site "Germany"]
[Date "2022.03.05"]
[Round "1.2"]
[White "Bogner, Sebastian"]
[Black "Schroeder, Jan-Christian"]
[Result "1/2-1/2"]
[WhiteElo "2573"]
[BlackElo "2564"]
[Annotator "ChessBase"]
[PlyCount "84"]
[EventDate "2022.03.05"]
[EventType "team-tourn"]
[EventCountry "GER"]
[SourceTitle "playchess.com"]
[Source "ChessBase"]
[SourceQuality "1"]
[TimeControl "40/5400+30:1800+30"]

1. d4 {[%emt 0:00:00]} Nf6 {[%emt 0:00:00]} 2. c4 {[%emt 0:00:00]} g6 {[%emt 0:00:00]} 3. Nc3 {[%emt 0:00:00]} Bg7 {[%emt 0:00:00]} 4. e4 {[%emt 0:00:00]} d6 {[%emt 0:00:00]} 5. Nf3 {[%emt 0:00:00]} O-O {[%emt 0:00:00]} 6. Be2 {[%emt 0:00:00]} e5 {[%emt 0:00:00]} 7. O-O {[%emt 0:00:00]} Nc6 {[%emt 0:00:00]} 8. d5 {[%emt 0:00:00]} Ne7 {[%emt 0:00:00]} 9. b4 {[%emt 0:00:00]} a5 {[%emt 0:00:00]} 10. bxa5 {[%emt 0:00:00]} Rxa5 {[%emt 0:00:00]} 11. a4 {[%emt 0:00:00]} Ne8 {[%emt 0:00:00]} 12. Bd2 {[%emt 0:12:54]} Ra8 {[%emt 0:04:37]} 13. a5 {[%emt 0:04:36]} h6 {[%emt 0:04:51]} 14. Ne1 {[%emt 0:06:03]} f5 {[%emt 0:01:14]} 15. f3 {[%emt 0:05:34]} Nf6 {[%emt 0:03:59]} 16. c5 {[%emt 0:09:53]} c6 {[%emt 0:06:00]} 17. Bc4 {[%emt 0:06:09]} Kh7 {[%emt 0:03:39]} 18. Nd3 {[%emt 0:06:51]} cxd5 {[%emt 0:08:22]} 19. exd5 {[%emt 0:02:19]} e4 {[%emt 0:10:31]} 20. Nf2 {[%emt 0:11:42]} exf3 {[%emt 0:09:53]} 21. Qxf3 {[%emt 0:00:28]} dxc5 {[%emt 0:00:28]} 22. Rfe1 {[%emt 0:05:26]} Ng4 {[%emt 0:06:45]} 23. Nxg4 {[%emt 0:04:15]} fxg4 {[%emt 0:00:05]} 24. Qd3 {[%emt 0:00:40]} Bf5 {[%emt 0:05:00]} 25. Qg3 {[%emt 0:04:22]} Bd7 {[%emt 0:04:11]} 26. Bd3 {[%emt 0:11:53]} Bf5 {[%emt 0:13:51]} 27. Bc4 {[%emt 0:00:21]} Bf6 {[%emt 0:05:53]} 28. Bf4 {[%emt 0:02:15]} Bd7 {[%emt 0:03:30]} 29. Be5 {[%emt 0:02:26]} Nf5 {[%emt 0:03:02]} 30. Bxf6 {[%emt 0:02:20]} Qxf6 {[%emt 0:00:46]} 31. Qe5 {[%emt 0:00:26]} Qxe5 {[%emt 0:04:04]} 32. Rxe5 {[%emt 0:00:01]} Rfe8 {[%emt 0:01:37]} 33. Rxe8 {[%emt 0:01:35]} Rxe8 {[%emt 0:00:25]} 34. a6 {[%emt 0:02:38]} bxa6 {[%emt 0:01:13]} 35. Rxa6 {[%emt 0:00:08]} Re1+ {[%emt 0:02:13]} 36. Kf2 {[%emt 0:00:16]} Rc1 {[%emt 0:00:07]} 37. Ra7 {[%emt 0:01:22]} Rxc3 {[%emt 0:00:05]} 38. Rxd7+ {[%emt 0:00:06]} Kg8 {[%emt 0:00:07]} 39. Be2 {[%emt 0:01:22]} Rc2 {[%emt 0:01:10]} 40. Ke1 {[%emt 0:00:28]} c4 {[%emt 0:02:06]} 41. Rc7 {[%emt 0:00:00]} h5 {[%emt 0:00:00]} 42. Rxc4 {[%emt 0:00:00]} Rxc4 {[%emt 0:01:31]} 1/2-1/2

[Event "German Bundesliga 2021-22"]
[Site "Germany"]
[Date "2022.03.16"]
[Round "1.3"]
[White "Kraemer, Martin"]
[Black "Alonso Rosell, Alvar"]
[Result "1/2-1/2"]
[WhiteElo "2584"]
[BlackElo "2570"]
[Annotator "TA"]
[PlyCount "135"]
[EventDate "2022.03.05"]
[EventType "team-tourn"]
[EventCountry "GER"]

{[%evp 11,135,8,26,21,23,18,18,20,16,18,16,0,0,11,7,3,0,3,13,13,13,12,11,11,18,13,12,15,34,35,41,37,44,40,32,36,34,28,37,52,52,53,52,53,52,52,56,11,20,0,12,0,0,7,8,0,15,0,0,0,0,0,8,0,0,0,8,8,8,8,8,0,0,0,0,0,0,0,46,0,0,0,0,0,0,0,0,0,0,0,0,0,0,0,0,0,0,0,0,0,0,0,0,0,0,0,0,0,0,0,0,0,0,0,0,0,0,0,0,0,8,0,0,-8,-8,-995]} 1. d4 Nf6 2. c4 e6 3. Nf3 d5 4. g3 dxc4 5. Bg2 Bb4+ 6. Bd2 a5 7. Qc2 {E04: Open Catalan: 5 Nf3.} Bxd2+ 8. Qxd2 c6 9. a4 Ne4 10. Qc2 {[%csl LRc4,LRe4] 10.Qc1 gains popularity.} Nd6 11. Nbd2 Na6 12. Nxc4 Nb4 13. Nxd6+ Qxd6 14. Qc3 O-O 15. O-O b6 16. Rfd1 Ba6 17. Rd2 Rac8 18. Ne5 Rfd8 19. Rad1 ({But not} 19. Qf3 f6 20. Ng4 c5 $17) 19... Qe7 20. e4 h6 21. b3 Rd6 {[#]} 22. h4 $146 ({Predecessor:} 22. Bf1 Bxf1 23. Kxf1 Qd8 24. Nc4 Rd7 25. h4 Qc7 26. Kg2 Rcd8 27. Qe3 Qb7 28. Ne5 {1-0 (63) Vidit,S (2726)-Kuzubov,Y (2643) Chess.com INT 2020}) 22... Rcd8 23. Nc4 Bxc4 24. bxc4 e5 25. dxe5 Rxd2 26. Rxd2 Rxd2 27. Qxd2 Qxe5 28. Qd8+ Kh7 29. Qxb6 (29. Qf8 $14 {should be considered.}) 29... Nd3 $1 $11 30. Qxc6 {[#] aiming for Qd5.} Qd4 31. Qd5 Qxf2+ 32. Kh2 Nc5 33. e5 g6 34. Qd8 Ne4 $1 35. Qd3 Nc5 {[%csl LRa4,LRd3]} 36. Qc3 (36. Qb1 $5 {[%cal Rb1b6]}) 36... Ne4 37. Qd3 Nc5 {[%csl LRa4,LRd3]} 38. Qc3 Ne4 $132 {[%mdl 2048] Black has counterplay} 39. Qf3 Qxf3 40. Bxf3 {[%mdl 4096] Endgame KB-KN} Nc5 41. Bc6 {Hoping for Kg2.} Kg7 42. Kg2 {Strongly threatening Kf3.} f6 43. exf6+ Kxf6 44. Kf3 g5 (44... Kf5 $1 $11 {might be stronger.}) 45. hxg5+ (45. Kg4 $1 $14 {feels stronger.}) 45... hxg5 {The position is equal.} 46. Kg4 Kg6 47. Be8+ Kf6 48. Bb5 Kg6 49. Bc6 Ne6 50. Be4+ Kf6 51. Kh5 Nc5 {[%csl LRa4,LRe4]} 52. Bc2 Nd7 53. Kh6 Nc5 54. Kh7 Kf7 55. Kh6 Kf6 56. Kh5 Nd7 57. Be4 Nc5 58. Bc6 Nd3 59. Bb5 Kf5 60. Bd7+ Kf6 61. Bc6 Kf5 62. Kh6 Kf6 63. Kh7 Kf7 64. Bd5+ Kf6 65. Bc6 Kf7 66. Bd5+ Kf6 67. Kg8 Nb2 (67... Nc5 $5 68. Bc6 Ke5 $11) 68. Be4 $2 {[%mdl 40960] Weighted Error Value: White=0.04 (flawless) /Black=0.03 (flawless) . An unexpected result.} (68. c5 $11) 1/2-1/2